Представление документа в формате RUSMARC

ПолеНазваниеЗначение
  Тип записи a
  Библиографический уровень m
001 Контрольный номер RU/УОНБ/EK/623333062
005 Дата корректировки 20250520122443.2
010 Индекс ISBN __
d Цена 80 к.
9 Тираж 800 экз.
100 Данные общей обработки __
a Данные общей обработки 20191002d1988 m y0rusy0189||||ca
101 Язык документа 0_
a Язык текста rus
102 Страна публикации __
a Страна публикации RU
105 Кодированные данные (монография) __
a Кодированные данные (монография) a z 000yy
200 Заглавие и сведения об ответственности 1_
a Заглавие Сербские живописцы - академики XIX века
e Сведения, относящиеся к заглавию С. Тодорович, 1832-1925; Д. Крстич, 1851-1907; У. Предич, 1857-1953; П. Йованович, 1859-1957
e Сведения, относящиеся к заглавию кат. выст.
210 Выходные данные 1_
a Место издания Москва
c Издательство Сов. художник
d Дата издания 1988
215 Физическое описание __
a Объем 46 с.
c Иллюстрации/тип воспроизводства ил., цв. ил.
d Формат 29 см
606 Тематические рубрики 0_
a Основная рубрика Сербская живопись
z Хронологическая подрубрика 19 в.
j Формальный подзаголовок Каталоги выставок
610 Ключевые слова 0_
a Ключевые слова живопись сербская
610 Ключевые слова 0_
a Ключевые слова каталоги выставок
686 Индексы других классификаций __
a Классификационный индекс 85.143(4Ю)
2 Код системы rubbk
702 Вторичная интеллектуальная ответственность _1
a Фамилия Коларич
b Имя (инициалы) М.
4 Код отношения 080
702 Вторичная интеллектуальная ответственность _1
a Фамилия Црнобрня
b Имя (инициалы) Г.
4 Код отношения 220
801 Источник записи _0
a Страна RU
b Организация Ульяновская ОНБ
c Дата составления 20191002
g Правила каталогизации RCR
801 Источник записи _1
a Страна RU
b Организация Ульяновская ОНБ
c Дата составления 20191002
g Правила каталогизации RCR
901 Тип документа __
t Тип документа m
909 Создатель записи __
a Создатель записи Богданова
938 Служебная информация __
a Имя БД retro
b Имя библиотеки УОНБ
c Имя АИБС МАРК-SQL
d Номер DOC_ID в БД 307934